000 00355nam a2200157Ia 4500
003 OSt
005 20240123113347.0
008 170524s9999 xx 000 0 und d
020 _a978-9351610120
040 _cIIMT UNIVERSITY
100 _aGupta-S.p
100 _c2005
245 0 _aBusiness Statistics
260 _aSULTAN CHAND SONS
942 _2ddc
_c02
999 _c2345
_d2345